000 00798nam a2200241Ia 4500
003 IN-BaIIA
008 211028s9999 xx 000 0 eng d
020 _a0-415-27353-6
040 _cIIA Library
080 _a523.842
_bMAS
245 0 _aMass transfer in close binary stars
_cedited by A. A. Boyarchuk…[et al.]
260 _aLondon
_bTaylor and Francis
_c2002
300 _axi, 365p.
490 _aAdvances in astronomy and astrophysics; v. 6
650 _aAstrophysical gas flows
_928320
650 _aBinary systems
_91186
650 _aClose binaries
_928321
700 _aBisikalo, D. V., ed.
_928322
700 _aBoyarchuk, A. A., ed.
_928323
700 _aChechetkin, ed.
_928324
700 _aKuznetsov, O. A., ed.
_928325
942 _cBK
999 _c15352
_d15352